Титаны электротехники: очерки жизни и творчества
| 1. autor: | |
|---|---|
| Streszczenie: | Книга посвящена жизни и творческой деятельности большой когорты выдающихся ученых и инженеров начала XIX — середины XX вв., заложивших основы электротехники и электроэнергетики, открывших дорогу современной электрификации. Их имена известны всему миру, многие из них навечно вписаны в историю человечества в названиях общепринятых электрических и магнитных единиц. Поразительно, что до сих пор их открытия и изобретения представляют не только исторический, но и практический интерес. Читатель узнает не только о трудах героев книги, но и об их личной жизни и нелегких судьбах на пути к всемирной славе. Книга предназначена для старшеклассников, студентов технических вузов, аспирантов и научных сотрудников, а также для преподавателей физики и электротехнических дисциплин. |
| Język: | rosyjski |
| Wydane: |
Москва, Изд-во МЭИ, 2004
|
| Hasła przedmiotowe: |
Вольта
> Алессандро
> А.
> 1745-1827
> итальянский физик и физиолог
> один из основоположников учения об электричестве
Ампер
> Андре Мари
> А. М.
> французский физик
> один из основоположников электродинамика
> 1775-1836
Ленц
> Э. Х.
> 1804-1865
> Эмилий Христианович
> российский физик
> электротехник
> академик Петербургской АН
Якоби
> Борис Семенович
> Б. С.
> российский физик
> электротехник
> настоящее имя Мориц Герман
> академик Петербургской АН
> 1801-1874
|
| Format: | Książka |
| KOHA link: | https://koha.lib.tpu.ru/cgi-bin/koha/opac-detail.pl?biblionumber=132665 |
MARC
| LEADER | 00000nam0a2200000 4500 | ||
|---|---|---|---|
| 001 | 132665 | ||
| 005 | 20231101220400.0 | ||
| 010 | |a 5704611605 | ||
| 035 | |a (RuTPU)RU\TPU\book\143648 | ||
| 090 | |a 132665 | ||
| 100 | |a 20080305d2004 m y0rusy50 ca | ||
| 101 | 0 | |a rus | |
| 102 | |a RU | ||
| 105 | |a a z 001zd | ||
| 200 | 1 | |a Титаны электротехники: очерки жизни и творчества |f Я. А. Шнейберг | |
| 210 | |a Москва |c Изд-во МЭИ |d 2004 | ||
| 215 | |a 270 с. |c ил. | ||
| 320 | |a Список литературы: с. 267. | ||
| 320 | |a Именной указатель: с. 268-269. | ||
| 330 | |a Книга посвящена жизни и творческой деятельности большой когорты выдающихся ученых и инженеров начала XIX — середины XX вв., заложивших основы электротехники и электроэнергетики, открывших дорогу современной электрификации. Их имена известны всему миру, многие из них навечно вписаны в историю человечества в названиях общепринятых электрических и магнитных единиц. Поразительно, что до сих пор их открытия и изобретения представляют не только исторический, но и практический интерес. Читатель узнает не только о трудах героев книги, но и об их личной жизни и нелегких судьбах на пути к всемирной славе. Книга предназначена для старшеклассников, студентов технических вузов, аспирантов и научных сотрудников, а также для преподавателей физики и электротехнических дисциплин. | ||
| 600 | 1 | |a Вольта |g Алессандро |b А. |f 1745-1827 |c итальянский физик и физиолог |c один из основоположников учения об электричестве |2 stltpush |3 (RuTPU)RU\TPU\pers\56 | |
| 600 | 1 | |a Петров |g Василий Владимирович |b В. В. |c российский физик |c академик Петербургской АН |f 1761-1834 |2 stltpush |3 (RuTPU)RU\TPU\pers\1350 | |
| 600 | 1 | |a Ампер |g Андре Мари |b А. М. |c французский физик |c один из основоположников электродинамика |f 1775-1836 |2 stltpush |3 (RuTPU)RU\TPU\pers\1100 | |
| 600 | 1 | |a Фарадей |g Майкл |b М. |f 1791-1867 |c английский физик, химик |2 stltpush |3 (RuTPU)RU\TPU\pers\1366 | |
| 600 | 1 | |a Ом |b Г. С. |f 1789-1854 |g Герг Симон |c немецкий физик |2 stltpush |3 (RuTPU)RU\TPU\pers\4373 | |
| 600 | 1 | |a Ленц |b Э. Х. |f 1804-1865 |g Эмилий Христианович |c российский физик |c электротехник |c академик Петербургской АН |2 stltpush |3 (RuTPU)RU\TPU\pers\4087 | |
| 600 | 1 | |a Якоби |g Борис Семенович |b Б. С. |c российский физик |c электротехник |c настоящее имя Мориц Герман |c академик Петербургской АН |f 1801-1874 |2 stltpush |3 (RuTPU)RU\TPU\pers\1353 | |
| 600 | 1 | |a Тесла |b Н. |c изобретатель в области электротехники и радиотехники |c по происхождению серб |f 1856-1943 |g Никола |2 stltpush |3 (RuTPU)RU\TPU\pers\10749 |9 2381 | |
| 600 | 1 | |a Яблочков |b П. Н. |f 1847-1894 |g Павел Николаевич |c российский электротехник |2 stltpush |3 (RuTPU)RU\TPU\pers\4091 | |
| 600 | 1 | |a Доливо-Добровольский |b М. О. |f 1861/1862-1919 |g Михаил Осипович |c российский электротехник |2 stltpush |3 (RuTPU)RU\TPU\pers\4090 | |
| 600 | 1 | |a Эдисон |g Томас Алва |b Т. А. |c американский изобретатель |c предприниматель |f 1847-1931 |2 stltpush |3 (RuTPU)RU\TPU\pers\1544 | |
| 606 | 1 | |a Электротехника общая |2 stltpush |3 (RuTPU)RU\TPU\subj\20906 |9 45967 | |
| 610 | 1 | |a история | |
| 610 | 1 | |a ученые | |
| 610 | 1 | |a инженеры | |
| 610 | 1 | |a 19 век | |
| 610 | 1 | |a 20 век | |
| 610 | 1 | |a персоналии | |
| 675 | |a 621.3(092) |v 3 | ||
| 700 | 1 | |a Шнейберг |b Я. А. |g Ян Абрамович | |
| 801 | 1 | |a RU |b 63413507 |c 20080305 |g PSBO | |
| 801 | 2 | |a RU |b 63413507 |c 20161116 |g PSBO | |
| 942 | |c BK | ||
| 959 | |a 26/20080304 |d 1 |e 275,00 |f ЧЗТЛ:1 | ||